Elecciones en la UES

Tallennettuna:
Bibliografiset tiedot
Aineistotyyppi: Teksti
Aiheet:
Tagit: Lisää tagi
Ei tageja, Lisää ensimmäinen tagi!

MARC

LEADER 00000 a a2200000 04500
001 6886
003
040
245 |a Elecciones en la UES  
650 |a UNIVERSIDADES  
650 |a ELECCIONES  
650 |a EL SALVADOR  
773 |g volumen 28, número 1263; páginas 11-12  
999 |c 25020  |d 25020